000 00722nam a22002057a 4500
008 120725t xxu||||| |||| 00| 0 eng d
020 _a0256135185
050 _aQA76.9.D3 H97
100 _aHutchinson, Sarah E.
245 _adBase iv. /
_cSarah E. Hutchinson
260 _aBoston:
_bIrwin,
_c1993.
300 _aix,161 p.:
_bill.;
_c28cm.
500 _aIncludes index.
505 _aContents: The Fundamentals of dbase iv -- Managing and organizing data with dbase iv -- Queries -- Creating forms, reports, and labels -- Managing files and advanced topics.
650 _aDatabase management.
650 _aDBASE IV (Computer file)
700 _aSawyer, Stacey.
700 _aCoulthard, Glen J.
942 _2lcc
_cBK
999 _c1832
_d9332